| 000 | 01357cam a2200313 i 4500 | ||
|---|---|---|---|
| 999 |
_c12578 _d12578 |
||
| 001 | 12578 | ||
| 003 | Mx-PuUPA | ||
| 005 | 20240410103459.0 | ||
| 008 | 140415s1986 mx a r 000 0 spa d | ||
| 020 | _a9682602351 | ||
| 040 |
_aMx-PuUPA _bspa _cMx-PuUPA _dMx-PuUPA _erda |
||
| 041 | 1 |
_aspa _heng |
|
| 100 | 1 |
_aRichter, H. P., _d1900-1978 _q(Herbert P.), _eautor |
|
| 240 | 1 | 0 |
_aPractical electrical wiring, residential, farm, and industrial. _lEspañol |
| 245 | 1 | 0 |
_aManual práctico de instalaciones eléctricas : _bdomésticas, de granjas e industrias / _cH. P. Richter, W. Creighton Schwan ; traducida por, José Luis Fernández Zayas |
| 250 | _a1a. edición | ||
| 264 | 4 |
_aMéxico, D.F. : _bCompañia Editorial Continental, _c©1986 |
|
| 300 |
_a583 páginas : _bilustraciones ; _c23 cm |
||
| 336 |
_atexto _2rdacontent _btxt |
||
| 337 |
_asin medio _2rdamedia _bn |
||
| 338 |
_avolumen _2rdacarrier _bnc |
||
| 650 | 4 | _aInstalaciones eléctricas | |
| 700 | 1 |
_aSchwan, W. Creighton, _eautor |
|
| 700 | 1 |
_aFernández Zayas, José Luis, _etraductor |
|
| 765 | 1 | 8 |
_aRichter, H. P., _d[Lugar de publicación no identificada] : McGraw Hill Book, [Fecha de publicación] _tPractical electrical wiring, residential, farm, and industrial. _z0070523894 |
| 942 |
_2ddc _cLI _h621.31924 _iR487 |
||